000 00508nam a2200181Ia 4500
005 20250508150617.0
008 008 250505s9999 xx 000 0 eng d
037 _aTextual
040 _aFEDL
_beng
_cFEDL
041 _aeng
_2eng
084 _a371.335, LAN
_qFEDL
100 _aLangdon E M
_9757187
245 0 _aIntroduction to dramatic work with children
260 _aLondon, UK
_bDennis Dobson Limited
300 _a62p
942 _cTEXL
_h371.335, LAN
999 _c1324561
_d1324561